<?xml version="1.0" encoding="UTF-8"?>
<collection xmlns="http://www.loc.gov/MARC21/slim">
 <record>
  <leader>01031pamaa2200229   4500</leader>
  <controlfield tag="001">0000050809</controlfield>
  <controlfield tag="005">20130117090000.0</controlfield>
  <controlfield tag="008">121121s2011                             eng  </controlfield>
  <datafield tag="020" ind1="0" ind2="0">
   <subfield code="a">9781444332407 (pbk.) </subfield>
  </datafield>
  <datafield tag="090" ind1="0" ind2="0">
   <subfield code="a">RM258.5 </subfield>
   <subfield code="b">WEB 2011</subfield>
  </datafield>
  <datafield tag="100" ind1="1" ind2="0">
   <subfield code="a">Webb </subfield>
  </datafield>
  <datafield tag="245" ind1="1" ind2="0">
   <subfield code="a">Dietary supplements and functional foods  </subfield>
   <subfield code="c">Geoffrey P. Webb.</subfield>
  </datafield>
  <datafield tag="250" ind1="0" ind2="0">
   <subfield code="a">2nd ed.</subfield>
  </datafield>
  <datafield tag="260" ind1="0" ind2="0">
   <subfield code="a">Chichester, West Sussex ; Ames, Iowa: </subfield>
   <subfield code="b">Wiley-Blackwell,, </subfield>
   <subfield code="c">2011.</subfield>
  </datafield>
  <datafield tag="300" ind1=" " ind2=" ">
   <subfield code="a">xi, 316 p.: </subfield>
   <subfield code="b">ill.; </subfield>
   <subfield code="c">25 cm.</subfield>
  </datafield>
  <datafield tag="501" ind1="0" ind2="0">
   <subfield code="a">FHLS</subfield>
  </datafield>
  <datafield tag="504" ind1="0" ind2="0">
   <subfield code="a">Includes bibliographical references and index</subfield>
  </datafield>
  <datafield tag="505" ind1="0" ind2="0">
   <subfield code="a">An overview of dietary supplements and functional foods -- An overview of micronutrient adequacy -- The individual vitamins -- The minerals -- Free radicals and antioxidants -- Natural fats and oils -- Non-essential ?nutrients? that are used as dietary supplements -- Natural products and extracts -- Functional foods</subfield>
  </datafield>
  <datafield tag="650" ind1="0" ind2="0">
   <subfield code="a">Functional foods </subfield>
  </datafield>
  <datafield tag="650" ind1="0" ind2="0">
   <subfield code="a">Dietary Supplements </subfield>
  </datafield>
  <datafield tag="650" ind1="0" ind2="0">
   <subfield code="a">Dietary supplements </subfield>
  </datafield>
  <datafield tag="901" ind1=" " ind2=" ">
   <subfield code="u">www.wiley.com/wiley-blackwell</subfield>
  </datafield>
 </record>
</collection>
